Perspektivy a jistoty kapitálového trhu Struktura kapitálových produktů vyspělých ekonomik bude určující i pro ČR

Francúzske príklady spoločných foriem investovania. Štátne obligácie ako najkvalitnejšie cenné papiere. Štruktúra súčasného francúzskeho kapitálového trhu. Centrálna banka a kapitálový trh. Vysoká miera likvidity trhu s obligáciami.

Salvato in:
Dettagli Bibliografici
Autore principale: Stoulil, J.
Natura: Capitolo di libro
Lingua:ceco
Soggetti:
Tags: Aggiungi Tag
Nessun Tag, puoi essere il primo ad aggiungerne!!

MARC

LEADER 00000naa a2200000 4500
001 r013855
005 20221213090117.9
041 0 |a cze 
044 |a SK 
245 1 0 |a Perspektivy a jistoty kapitálového trhu  |b Struktura kapitálových produktů vyspělých ekonomik bude určující i pro ČR  |c J. Stoulil 
520 |a Francúzske príklady spoločných foriem investovania. Štátne obligácie ako najkvalitnejšie cenné papiere. Štruktúra súčasného francúzskeho kapitálového trhu. Centrálna banka a kapitálový trh. Vysoká miera likvidity trhu s obligáciami. 
610 2 0 |a trh kapitálový 
610 2 0 |a investície 
610 2 0 |a Francúzsko 
610 2 0 |a obligácie 
610 2 0 |a papiere cenné 
610 2 0 |a banky emisné 
610 2 0 |a likvidita 
100 1 |a Stoulil, J.